Getting Skills Right: South Africa

Gespeichert in:
Bibliographische Detailangaben
Format: Buch
Sprache:Englisch
Veröffentlicht: Paris OECD 2017
Schriftenreihe:Getting Skills Right
Schlagworte:
Tags: Tag hinzufügen
Keine Tags, Fügen Sie das erste Tag hinzu!

MARC

LEADER 00000nam a2200000 4500
001 0240951
005 20240314122949.1
020 |a 978-92-64-27873-8 
041 0 |a eng 
044 |a FR 
245 1 0 |a Getting Skills Right: South Africa 
264 1 |a Paris  |b OECD  |c 2017 
300 |a 74 s. 
490 1 |a Getting Skills Right 
830 0 |a Getting Skills Right 
610 2 0 |a trh práce 
610 2 0 |a vzdelanie 
610 2 0 |a vzdelávanie 
610 2 0 |a prax odborná 
610 2 0 |a zručnosti 
610 2 0 |a migrácia 
610 2 0 |a miesta pracovné 
610 2 0 |a ponuka 
610 2 0 |a dopyt 
610 2 0 |a nerovnosť príjmová 
610 2 0 |a kvalita vzdelávania 
610 2 0 |a vzdelávanie celoživotné 
610 2 0 |a údaje štatistické 
610 2 0 |a porovnanie štatistické medzinárodné 
610 2 0 |a Afrika